| 000 | 00558nam a2200181Ia 4500 | ||
|---|---|---|---|
| 005 | 20250423101203.0 | ||
| 008 | 250422s9999 xx 000 0 und d | ||
| 020 | _a9781118907054 | ||
| 050 | _aQL 496.12 .Q55/ | ||
| 100 | _aQuicke, Donald L. | ||
| 245 | 4 | _aThe braconid and ichneumonid parasitoid wasps: biology, systematics, evolution and ecology | |
| 260 | _aNew Jersey | ||
| 260 | _bJohn Wiley & Sons Ltd. | ||
| 260 | _c2015 | ||
| 300 | _a681 p | ||
| 650 | _a Parasitoids. Parasitic wasps. Braconidae. Ichneumonidae | ||
| 942 | _cBK | ||
| 999 |
_c35556 _d35556 |
||